[Event "Oberliga Wuerttemberg 1617"]
[Site "Wuerttemberg"]
[Date "2017.04.23"]
[Round "11.6"]
[White "Lehnert, Thomas"]
[Black "Held, Paul"]
[Result "1/2-1/2"]
[WhiteElo "2089"]
[BlackElo "2209"]
[PlyCount "42"]
[EventDate "2016.09.25"]
[EventType "team-tourn"]
[EventRounds "11"]
[EventCountry "GER"]
[SourceTitle "EXT 2019"]
[Source "ChessBase"]
[SourceDate "2018.10.10"]
[SourceVersion "1"]
[SourceVersionDate "2018.10.10"]
[SourceQuality "1"]
[WhiteTeam "Erdmannhausen"]
[BlackTeam "Schwaebisch Gmuend"]
[WhiteTeamCountry "GER"]
[BlackTeamCountry "GER"]

1. Nc3 d6 2. d4 g6 3. e4 Nf6 4. Be2 Bg7 5. h4 c5 6. dxc5 Qa5 7. Bd2 Qxc5 8. h5 gxh5 9. Bxh5 Nc6 10. a3 Be6 11. Bf3 Ne5 12. Be3 Qa5 13. Bd4 Nc6 14. Be3 Rd8 15. Qd2 d5 16. Nxd5 Qxd2+ 17. Bxd2 Nxd5 18. exd5 Bxd5 19. 0-0-0 Nd4 20. Bxd5 Rxd5 21. Be3 0-0 1/2-1/2

[Event "Oberliga Wuerttemberg 1112"]
[Site "Wuerttemberg"]
[Date "2012.02.05"]
[Round "6.7"]
[White "Held, Paul"]
[Black "Doerflinger, Josef"]
[Result "0-1"]
[WhiteElo "2264"]
[BlackElo "2220"]
[PlyCount "70"]
[EventDate "2011.10.09"]
[EventType "team-tourn"]
[EventRounds "9"]
[EventCountry "GER"]
[SourceTitle "EXT 2019"]
[Source "ChessBase"]
[SourceDate "2018.10.10"]
[SourceVersion "1"]
[SourceVersionDate "2018.10.10"]
[SourceQuality "1"]
[WhiteTeam "Schwaebisch Gmuend"]
[BlackTeam "Ulm Post"]
[WhiteTeamCountry "GER"]
[BlackTeamCountry "GER"]

1. c4 Nf6 2. Nc3 g6 3. g3 Bg7 4. Bg2 0-0 5. e4 d6 6. Nge2 c5 7. 0-0 Nc6 8. d3 Rb8 9. h3 a6 10. Be3 Ne8 11. Qd2 b5 12. Rac1 bxc4 13. dxc4 Ne5 14. b3 Bxh3 15. f3 Bd7 16. Rfd1 Nf6 17. g4 a5 18. g5 Nh5 19. f4 Ng4 20. Bxc5 dxc5 21. Qxd7 Bd4+ 22. Rxd4 cxd4 23. Qxd8 Rfxd8 24. Nd5 d3 25. Bf3 dxe2 26. Bxg4 e6 27. Ne7+ Kf8 28. Nc6 Nxf4 29. Re1 Rd1 30. Rxd1 exd1Q+ 31. Bxd1 Ra8 32. Kh2 Ra6 33. Ne5 Rd6 34. Bf3 Nd3 35. Ng4 Nc5 0-1

[Event "Oberliga Wuerttemberg 1112"]
[Site "Wuerttemberg"]
[Date "2011.10.23"]
[Round "2.7"]
[White "Held, Paul"]
[Black "Loehr, Markus"]
[Result "1/2-1/2"]
[WhiteElo "2264"]
[BlackElo "2238"]
[PlyCount "119"]
[EventDate "2011.10.09"]
[EventType "team-tourn"]
[EventRounds "9"]
[EventCountry "GER"]
[SourceTitle "EXT 2019"]
[Source "ChessBase"]
[SourceDate "2018.10.10"]
[SourceVersion "1"]
[SourceVersionDate "2018.10.10"]
[SourceQuality "1"]
[WhiteTeam "Schwaebisch Gmuend"]
[BlackTeam "Schmiden Cannstatt"]
[WhiteTeamCountry "GER"]
[BlackTeamCountry "GER"]

1. e4 d5 2. exd5 Qxd5 3. Nc3 Qa5 4. d4 Nf6 5. Nf3 c6 6. Ne5 Be6 7. Nc4 Bxc4 8. Bxc4 e6 9. 0-0 Be7 10. Re1 Nbd7 11. a3 0-0 12. Bf4 Rfe8 13. Qf3 b5 14. Bd3 Qb6 15. Rad1 a5 16. Qh3 b4 17. Na4 Qa7 18. axb4 axb4 19. b3 g6 20. Bg5 Bf8 21. Bh6 Bd6 22. Qh4 Nd5 23. Nb2 Qc7 24. Nc4 Be7 25. Bg5 Bxg5 26. Qxg5 Qf4 27. Qxf4 Nxf4 28. Be4 Nd5 29. Ra1 N7f6 30. Bf3 Rec8 31. g3 h5 32. h4 Kf8 33. Ra4 Rxa4 34. bxa4 c5 35. dxc5 Rxc5 36. Ne3 Nxe3 37. Rxe3 Rxc2 38. a5 Ra2 39. Rb3 Nd5 40. Bxd5 exd5 41. Rxb4 Rxa5 42. Rb7 Ke8 43. Kf1 Ra6 44. Ke2 Rd6 45. Ke3 Rd7 46. Rb6 Ke7 47. Kd4 Rd6 48. Rb2 Kf6 49. Rb3 Rd7 50. Rf3+ Ke6 51. Ra3 f6 52. Re3+ Kd6 53. Re8 Ra7 54. Rg8 Ra4+ 55. Ke3 Rg4 56. Re8 Kd7 57. Rg8 Ke6 58. Kd3 Kf5 59. Rd8 Ke5 60. Re8+ 1/2-1/2

[Event "Oberliga Wuerttemberg 0001"]
[Site "Wuerttemberg"]
[Date "2001.04.01"]
[Round "8"]
[White "Held, Paul"]
[Black "Rau, Hannes"]
[Result "0-1"]
[WhiteElo "2292"]
[BlackElo "2224"]
[PlyCount "116"]
[EventDate "2000.10.15"]
[EventType "team"]
[EventRounds "9"]
[EventCountry "GER"]
[SourceTitle "EXT 2019"]
[Source "ChessBase"]
[SourceDate "2018.10.10"]
[SourceVersion "1"]
[SourceVersionDate "2018.10.10"]
[SourceQuality "1"]

1. e4 c5 2. c3 d5 3. exd5 Qxd5 4. d4 Nf6 5. Nf3 Bg4 6. Be2 e6 7. Be3 cxd4 8. cxd4 Nc6 9. Nc3 Qd6 10. 0-0 Be7 11. a3 0-0 12. Qb3 a6 13. Rfd1 Rfd8 14. Rac1 b5 15. Qa2 Rac8 16. b4 h6 17. Qb3 Bf8 18. h3 Bf5 19. g4 Bg6 20. Nh4 Bh7 21. Bf3 g5 22. Ng2 Ne7 23. a4 Ned5 24. axb5 Nxc3 25. Rxc3 Rxc3 26. Qxc3 axb5 27. d5 Ne4 28. Bxe4 Bxe4 29. Bc5 Qc7 30. Ne3 exd5 31. Qd2 Bxc5 32. bxc5 d4 33. Nf5 Bxf5 34. gxf5 Qxc5 35. Qa5 Re8 36. f6 Qe5 37. Qd2 Qxf6 38. Qxd4 Re1+ 39. Kg2 Qxd4 40. Rxd4 Rb1 41. Rd6 Kg7 42. Rb6 Rb3 43. Kh2 f6 44. Kg2 Kg6 45. Kh2 h5 46. Kg2 Kf5 47. Kh2 Ke5 48. Kg2 h4 49. Rb8 f5 50. Rg8 Kf4 51. Rf8 Rd3 52. Rb8 Rd5 53. Rf8 b4 54. Rb8 Rd4 55. Rg8 g4 56. hxg4 fxg4 57. Rf8+ Ke4 58. Rh8 Kd3 0-1

[Event "Oberliga Wuerttemberg 0102"]
[Site "Wuerttemberg"]
[Date "2001.??.??"]
[Round "1"]
[White "Held, Paul"]
[Black "Khadempour, Farhad"]
[Result "1-0"]
[WhiteElo "2245"]
[BlackElo "2173"]
[PlyCount "139"]
[EventDate "2001.10.01"]
[EventType "team-tourn"]
[EventRounds "9"]
[EventCountry "GER"]
[SourceTitle "EXT 2019"]
[Source "ChessBase"]
[SourceDate "2018.10.10"]
[SourceVersion "1"]
[SourceVersionDate "2018.10.10"]
[SourceQuality "1"]
[WhiteTeam "Schwaebisch Gmuend"]
[BlackTeam "Tuebingen"]
[WhiteTeamCountry "GER"]
[BlackTeamCountry "GER"]

1. e4 e6 2. d4 d5 3. Nc3 Bb4 4. e5 c5 5. a3 Bxc3+ 6. bxc3 Ne7 7. h4 Nbc6 8. h5 h6 9. Nf3 Bd7 10. Bd2 Qc7 11. Bd3 Na5 12. 0-0 c4 13. Be2 Ba4 14. g3 0-0-0 15. Re1 Rdg8 16. Kg2 Nac6 17. Bf4 g5 18. Bd2 Nf5 19. Nh2 Qe7 20. Ng4 Rd8 21. Nf6 b5 22. Ra2 Ng7 23. Rf1 Ne8 24. Nxe8 Rdxe8 25. f4 gxf4 26. Rxf4 Qf8 27. Qf1 Rh7 28. Rf6 Ne7 29. Bg4 Qg7 30. Qf3 Kc7 31. Bh3 Ng8 32. Rf4 Re7 33. Be3 Rh8 34. Qe2 Qh7 35. Rf2 Qg7 36. Ra1 Rh7 37. Raf1 Qf8 38. Bc1 Rg7 39. Kh2 Qe8 40. Rf6 Rh7 41. R6f3 Rd7 42. R1f2 Qe7 43. Rf4 a5 44. Qg4 Qe8 45. R4f3 Re7 46. Kg1 Kd7 47. Kf1 Kc6 48. Ke1 Rb7 49. Kd1 Rc7 50. Bd2 Ra7 51. Qh4 Qe7 52. Qxe7 Rxe7 53. g4 Rg7 54. Rg2 Re8 55. Rgf2 Re7 56. Rf6 Rh7 57. Bf1 Nxf6 58. Rxf6 Re8 59. Bxh6 Kd7 60. Be2 Reh8 61. Bd2 Ke7 62. h6 Rg8 63. g5 Rg6 64. Bh5 Rxf6 65. exf6+ Kf8 66. g6 fxg6 67. Bxg6 Rh8 68. h7 Rxh7 69. Bxh7 Kf7 70. Bg5 1-0

[Event "Oberliga Wuerttemberg 9899"]
[Site "Wuerttemberg"]
[Date "1999.02.28"]
[Round "7"]
[White "Lach, Bernhard"]
[Black "Held, Paul"]
[Result "0-1"]
[WhiteElo "2250"]
[BlackElo "2295"]
[PlyCount "84"]
[EventDate "1998.10.??"]
[EventType "team"]
[EventRounds "9"]
[EventCountry "GER"]
[SourceTitle "EXT 2000"]
[Source "ChessBase"]
[SourceDate "1999.11.16"]
[SourceVersion "1"]
[SourceVersionDate "1999.11.16"]
[SourceQuality "1"]

1. e4 g6 2. d4 Bg7 3. Nc3 d6 4. Nge2 a6 5. a4 b6 6. g3 Bb7 7. Bg2 Nd7 8. 0-0 e6 9. Be3 Ne7 10. Qd2 h6 11. Rae1 d5 12. exd5 exd5 13. Nc1 Nf6 14. Bf4 Nh5 15. Be5 0-0 16. Bxg7 Kxg7 17. Re5 Nf6 18. Rfe1 Nc6 19. R5e2 Qd6 20. Nb3 Rad8 21. Re5 Nb4 22. h3 Ba8 23. R1e2 c5 24. f4 Rd7 25. g4 Rfd8 26. Qe3 c4 27. Nc1 Ne4 28. f5 g5 29. f6+ Qxf6 30. Rf5 Qd6 31. Bxe4 dxe4 32. Ref2 Re8 33. N1e2 Nxc2 34. Qd2 e3 35. Qxc2 exf2+ 36. Rxf2 b5 37. axb5 axb5 38. Qf5 b4 39. Nb5 Qe6 40. Qc5 Qe4 41. Ng3 Qe1+ 42. Nf1 Re2 0-1

[Event "Oberliga Wuerttemberg 9798"]
[Site "Wuerttemberg"]
[Date "1997.09.29"]
[Round "1"]
[White "Altenhof, Martin"]
[Black "Held, Paul"]
[Result "1/2-1/2"]
[WhiteElo "2290"]
[BlackElo "2290"]
[PlyCount "113"]
[EventDate "1997.09.??"]
[EventType "team"]
[EventRounds "9"]
[EventCountry "GER"]
[SourceTitle "EXT 1999"]
[Source "ChessBase"]
[SourceDate "1998.11.16"]
[SourceVersion "1"]
[SourceVersionDate "1998.11.16"]
[SourceQuality "1"]

1. Nf3 d6 2. g3 e5 3. d3 f5 4. Bg2 Nf6 5. 0-0 Be7 6. c4 0-0 7. Nc3 c6 8. Rb1 h6 9. b4 Be6 10. b5 Qc7 11. Qc2 Nbd7 12. Bd2 Rfc8 13. bxc6 bxc6 14. Rfc1 g5 15. Ne1 Kg7 16. Na4 Rab8 17. Rxb8 Rxb8 18. Rb1 Rxb1 19. Qxb1 d5 20. cxd5 cxd5 21. Nc3 Qb6 22. Qc2 d4 23. Na4 Qd6 24. e3 dxe3 25. Bxe3 Nd5 26. Bd2 Nb4 27. Bxb4 Qxb4 28. Nf3 Kf6 29. Nd2 Nc5 30. Nxc5 Bxc5 31. h3 Bd4 32. Bf1 Qc3 33. Qxc3 Bxc3 34. Nc4 Ke7 35. Be2 Kd7 36. Bd1 Kc6 37. Bb3 Bd5 38. Kf1 Bf3 39. Ne3 f4 40. Nf5 h5 41. h4 gxh4 42. Nxh4 Bd5 43. Bxd5+ Kxd5 44. Nf5 fxg3 45. fxg3 e4 46. Ke2 exd3+ 47. Kxd3 Be5 48. g4 Ke6 49. Ne3 h4 50. Ke4 h3 51. Kf3 Kf6 52. a4 Kg5 53. a5 a6 54. Nd5 Bd6 55. Nc3 Kh4 56. Ne4 Be7 57. g5 1/2-1/2

[Event "Oberliga Wuerttemberg 9697"]
[Site "Wuerttemberg"]
[Date "1997.??.??"]
[Round "?"]
[White "Held, Paul"]
[Black "Doerflinger, Josef"]
[Result "1/2-1/2"]
[WhiteElo "2310"]
[BlackElo "2270"]
[PlyCount "45"]
[EventDate "1996.09.??"]
[EventType "team"]
[EventRounds "9"]
[EventCountry "GER"]
[SourceTitle "EXT 1999"]
[Source "ChessBase"]
[SourceDate "1998.11.16"]
[SourceVersion "1"]
[SourceVersionDate "1998.11.16"]
[SourceQuality "1"]

1. e4 e5 2. Nf3 Nc6 3. Bb5 a6 4. Ba4 Nf6 5. d4 exd4 6. 0-0 Be7 7. Re1 b5 8. e5 Nxe5 9. Rxe5 d6 10. Re1 bxa4 11. Nxd4 Bd7 12. Qf3 0-0 13. Nc6 Bxc6 14. Qxc6 Nd7 15. Nc3 a3 16. b3 Bf6 17. Bxa3 Ne5 18. Qd5 Ng6 19. Bb2 Qd7 20. Na4 Bxb2 21. Nxb2 Qb5 22. Rad1 Rfe8 23. c4 1/2-1/2

[Event "Staufer op 09th"]
[Site "Schwaebisch Gmuend"]
[Date "1997.??.??"]
[Round "9"]
[White "Held, Paul"]
[Black "Krockenberger, Martin"]
[Result "1/2-1/2"]
[WhiteElo "2310"]
[BlackElo "2300"]
[PlyCount "23"]
[EventDate "1997.01.??"]
[EventType "swiss"]
[EventRounds "9"]
[EventCountry "GER"]
[SourceTitle "EXT 1998"]
[Source "ChessBase"]
[SourceDate "1997.11.17"]
[SourceVersion "1"]
[SourceVersionDate "1997.11.17"]
[SourceQuality "1"]

1. e4 d5 2. exd5 Qxd5 3. Nc3 Qa5 4. d4 Nf6 5. Bc4 c6 6. Nf3 Bf5 7. Bd2 e6 8. Bb3 Nbd7 9. a3 Qc7 10. h3 h6 11. Qe2 Bd6 12. 0-0-0 1/2-1/2

[Event "Staufer op 09th"]
[Site "Schwaebisch Gmuend"]
[Date "1997.??.??"]
[Round "7"]
[White "Held, Paul"]
[Black "Pohl, Walter"]
[Result "1-0"]
[WhiteElo "2310"]
[BlackElo "2150"]
[PlyCount "87"]
[EventDate "1997.01.??"]
[EventType "swiss"]
[EventRounds "9"]
[EventCountry "GER"]
[SourceTitle "EXT 1998"]
[Source "ChessBase"]
[SourceDate "1997.11.17"]
[SourceVersion "1"]
[SourceVersionDate "1997.11.17"]
[SourceQuality "1"]

1. d4 g6 2. e4 Bg7 3. Nc3 d6 4. Be3 Nf6 5. f3 0-0 6. Qd2 e5 7. d5 Nh5 8. 0-0-0 f5 9. exf5 gxf5 10. Nge2 Nd7 11. g3 Ndf6 12. h3 b5 13. g4 Nf4 14. Nxf4 exf4 15. Bxf4 b4 16. Nb5 Kh8 17. Bg5 a6 18. Nd4 Qe8 19. Bc4 Qf7 20. Bh6 Bxh6 21. Qxh6 Rg8 22. Qf4 Nd7 23. Nc6 Re8 24. Rhe1 Bb7 25. Qd4+ Qg7 26. Qxg7+ Kxg7 27. Nd4 fxg4 28. hxg4 Ne5 29. Be2 Kg8 30. Ne6 Rxe6 31. dxe6 Bxf3 32. Bxf3 Nxf3 33. Re4 Re8 34. Rxb4 Rxe6 35. Rc4 c5 36. Ra4 Ne5 37. Rxa6 Nf7 38. a4 Rg6 39. a5 Rxg4 40. Rf1 Ra4 41. Kb1 Ne5 42. b3 Rb4 43. Rxd6 Nc4 44. a6 1-0

[Event "Staufer op 09th"]
[Site "Schwaebisch Gmuend"]
[Date "1997.??.??"]
[Round "5"]
[White "Held, Paul"]
[Black "Turner, Jan"]
[Result "1-0"]
[WhiteElo "2310"]
[BlackElo "2100"]
[PlyCount "113"]
[EventDate "1997.01.??"]
[EventType "swiss"]
[EventRounds "9"]
[EventCountry "GER"]
[SourceTitle "EXT 1998"]
[Source "ChessBase"]
[SourceDate "1997.11.17"]
[SourceVersion "1"]
[SourceVersionDate "1997.11.17"]
[SourceQuality "1"]

1. e4 d5 2. exd5 Nf6 3. c4 c6 4. Nc3 cxd5 5. cxd5 Nxd5 6. d4 Nc6 7. Nf3 Bg4 8. Qb3 Bxf3 9. gxf3 Nb6 10. Be3 e6 11. 0-0-0 Be7 12. d5 exd5 13. Nxd5 Nxd5 14. Rxd5 Qc7 15. Kb1 0-0 16. Be2 Rad8 17. Rhd1 Rxd5 18. Rxd5 Bf6 19. h3 b6 20. a3 Ne7 21. Rd1 Nf5 22. Bc4 Nxe3 23. fxe3 Qc8 24. Rc1 Qd8 25. Bd5 g6 26. f4 Bg7 27. Rc6 Qe7 28. e4 Qh4 29. Qf3 Qe1+ 30. Rc1 Qd2 31. Rc2 Qd4 32. h4 h5 33. Ka2 Kh7 34. e5 Bh6 35. Rc4 Qd2 36. f5 Qe1 37. Re4 Qd2 38. Bb3 Qd7 39. e6 fxe6 40. fxg6+ Kxg6 41. Qg2+ Kh7 42. Rxe6 Qg7 43. Qe4+ Kh8 44. Re7 Rf4 45. Qe6 Rf6 46. Qd7 Qg6 47. Bf7 Rxf7 48. Rxf7 Bg7 49. Qf5 Qc6 50. Qxh5+ Kg8 51. Rf3 Qc4+ 52. Rb3 a6 53. Qg6 a5 54. Qd3 Qe6 55. Ka1 a4 56. Rb4 Qc6 57. Qc4+ 1-0

[Event "Staufer op 09th"]
[Site "Schwaebisch Gmuend"]
[Date "1997.??.??"]
[Round "6"]
[White "Riedel, Holger"]
[Black "Held, Paul"]
[Result "1/2-1/2"]
[WhiteElo "2180"]
[BlackElo "2310"]
[PlyCount "64"]
[EventDate "1997.01.??"]
[EventType "swiss"]
[EventRounds "9"]
[EventCountry "GER"]
[SourceTitle "EXT 1998"]
[Source "ChessBase"]
[SourceDate "1997.11.17"]
[SourceVersion "1"]
[SourceVersionDate "1997.11.17"]
[SourceQuality "1"]

1. d4 g6 2. c4 d6 3. Nc3 Bg7 4. e4 e5 5. d5 f5 6. exf5 gxf5 7. Qh5+ Kf8 8. Be3 Nf6 9. Qh4 Qe7 10. g3 Nbd7 11. Nh3 h6 12. f3 Ne8 13. Qxe7+ Kxe7 14. 0-0-0 c5 15. Nf2 Ndf6 16. Be2 Bd7 17. h3 Nc7 18. Bxc5 dxc5 19. d6+ Kd8 20. dxc7+ Kxc7 21. Nd3 Rae8 22. Nxc5 Bc6 23. Rhf1 h5 24. Bd3 Bh6+ 25. Kc2 Be3 26. Nb3 Rhg8 27. Rde1 f4 28. gxf4 exf4 29. Nd1 Rg3 30. Nxe3 fxe3 31. Nd4 Rxh3 32. Kc3 Rh2 1/2-1/2

[Event "Staufer op 08th"]
[Site "Schwaebisch Gmuend"]
[Date "1996.??.??"]
[Round "4"]
[White "Held, Paul"]
[Black "Adamski, Jan"]
[Result "1/2-1/2"]
[WhiteElo "2190"]
[BlackElo "2395"]
[PlyCount "42"]
[EventDate "1996.01.??"]
[EventType "swiss"]
[EventRounds "9"]
[EventCountry "GER"]
[SourceTitle "EXT 1998"]
[Source "ChessBase"]
[SourceDate "1997.11.17"]
[SourceVersion "1"]
[SourceVersionDate "1997.11.17"]
[SourceQuality "1"]

1. e4 c5 2. c3 d5 3. exd5 Qxd5 4. d4 Nc6 5. Nf3 Bg4 6. Be2 cxd4 7. cxd4 e6 8. Nc3 Qd6 9. 0-0 Nf6 10. Be3 Be7 11. a3 0-0 12. Qb3 Rfd8 13. Rac1 Rac8 14. Rfd1 Nd5 15. Ne4 Qb8 16. Nc5 b6 17. Nd3 Nxe3 18. fxe3 Bg5 19. Rxc6 Rxc6 20. Nde5 Bxf3 21. Bxf3 Rcc8 1/2-1/2

[Event "Staufer op 08th"]
[Site "Schwaebisch Gmuend"]
[Date "1996.??.??"]
[Round "9"]
[White "Held, Paul"]
[Black "Jurek, Josef"]
[Result "0-1"]
[WhiteElo "2190"]
[BlackElo "2345"]
[PlyCount "50"]
[EventDate "1996.01.??"]
[EventType "swiss"]
[EventRounds "9"]
[EventCountry "GER"]
[SourceTitle "EXT 1998"]
[Source "ChessBase"]
[SourceDate "1997.11.17"]
[SourceVersion "1"]
[SourceVersionDate "1997.11.17"]
[SourceQuality "1"]

1. e4 e6 2. d3 d5 3. Nd2 Nf6 4. Ngf3 b6 5. g3 Bb7 6. e5 Nfd7 7. Bg2 c5 8. 0-0 Nc6 9. Re1 Qc7 10. Qe2 Be7 11. Nf1 h6 12. h4 0-0-0 13. N1h2 Rdg8 14. a3 Nf8 15. Bd2 Kb8 16. Reb1 f5 17. exf6 gxf6 18. c4 dxc4 19. dxc4 e5 20. Re1 Ne6 21. Bc3 Rg7 22. Qc2 Rhg8 23. Kf1 Ncd4 24. Bxd4 cxd4 25. Rac1 Nf4 0-1

[Event "Oberliga Wuerttemberg 9596"]
[Site "Wuerttemberg"]
[Date "1996.??.??"]
[Round "?"]
[White "Vokac, Marek"]
[Black "Held, Paul"]
[Result "1/2-1/2"]
[WhiteElo "2475"]
[BlackElo "2285"]
[PlyCount "133"]
[EventDate "1995.10.??"]
[EventType "team"]
[EventRounds "9"]
[EventCountry "GER"]
[SourceTitle "EXT 1999"]
[Source "ChessBase"]
[SourceDate "1998.11.16"]
[SourceVersion "1"]
[SourceVersionDate "1998.11.16"]
[SourceQuality "1"]

1. d4 g6 2. c4 d6 3. Nc3 Bg7 4. Nf3 e5 5. e4 exd4 6. Nxd4 Ne7 7. Be2 Nbc6 8. Nf3 0-0 9. 0-0 f5 10. exf5 Nxf5 11. Bg5 Qe8 12. Bd3 Be6 13. Nd5 Qd7 14. Qd2 Ncd4 15. Nxd4 Nxd4 16. Bh6 c5 17. Bxg7 Kxg7 18. Nc3 d5 19. cxd5 Bxd5 20. Qg5 Bc6 21. Be4 Rae8 22. Rae1 b6 23. Bxc6 Qxc6 24. Re7+ Rxe7 25. Qxe7+ Rf7 26. Qe3 Qd6 27. Re1 Nc2 28. Qe5+ Qxe5 29. Rxe5 Rd7 30. g4 Kf7 31. Kg2 Nb4 32. Re3 Rd2 33. a3 Nc2 34. Re4 Nd4 35. b4 Ne6 36. bxc5 bxc5 37. Ra4 Rd7 38. h4 Rb7 39. Ne4 Ke7 40. g5 Rc7 41. Nf6 Kf7 42. Nd5 Rd7 43. Ne3 Nd4 44. Ra5 Ne6 45. Kf3 Rc7 46. Nc4 Ke7 47. Ke4 Nd4 48. Ne3 Kd6 49. Ra6+ Nc6 50. Nc4+ Kd7 51. f4 Kc8 52. Kd5 Ne7+ 53. Ke5 Nc6+ 54. Kd6 Kb7 55. Ra4 Nd4 56. Rxa7+ Kxa7 57. Kxc7 Ne6+ 58. Kd6 Nxf4 59. Kxc5 Ng2 60. Kd5 Nxh4 61. Ke5 Kb7 62. Kf6 Nf3 63. Ne5 Nxg5 64. Kxg5 Kb6 65. Nd3 Kb5 66. Nb2 h5 67. Kh4 1/2-1/2